Vypracovanie štandardu pre zlepšenie vybraných funkcií elektromobilov v PCA Slovakia, s. r. o.

Na minha lista:
Detalhes bibliográficos
Autor principal: Dúcky, Marek (Author)
Outros Autores: Hrablik Chovanová, Henrieta (Thesis advisor)
Formato: Manuscrito Livro
Idioma:eslovaco
Publicado em: 2021
Assuntos:
Acesso em linha:http://is.stuba.sk/zp/portal_zp.pl?podrobnosti=158017
Tags: Adicionar Tag
Sem tags, seja o primeiro a adicionar uma tag!

MARC

LEADER 00000ntm a22000003a 4500
001 stuzp82314
003 SK-STU
005 20210612210935.7
007 ta
008 150427s2015----xo-----f-mn---000-0-slo-d
040 |a STU  |b slo 
041 0 |a slo 
100 1 |a Dúcky, Marek  |u 064000  |k Z4  |4 aut  |U MTF Materiálovotechnologická fakulta  |T MTF Ústav priemyselného inžinierstva a manažmentu  |X 85426  |U M4000  |Y 84  |7 85426 
242 0 1 |a Development of standards to improve selected features of electric cars in the PCA Slovakia, Ltd.  |y eng 
245 1 0 |a Vypracovanie štandardu pre zlepšenie vybraných funkcií elektromobilov v PCA Slovakia, s. r. o. 
260 |c 2021 
650 4 |a manažérstvo kvality  |2 slo 
650 4 |a elektromobil  |2 slo 
650 4 |a štandard  |2 slo 
650 4 |a quality management  |2 eng 
650 4 |a standard  |2 eng 
650 4 |a electric car  |2 eng 
700 1 |a Hrablik Chovanová, Henrieta  |u 064000  |k Z1  |4 ths  |U MTF Materiálovotechnologická fakulta  |T MTF Ústav priemyselného inžinierstva a manažmentu  |X 2766  |U M4000  |Y 84  |7 A000002766 
856 4 |u http://is.stuba.sk/zp/portal_zp.pl?podrobnosti=158017 
996 |c M* DP-14521  |l MMSKP  |s P  |a 0  |w stuzp82314_0001